| 000 | 00449nam a2200133Ia 4500 | ||
|---|---|---|---|
| 008 | 170516s9999 xx 000 0 und d | ||
| 245 | _aIncreased poly(ethylene glycol) density decreases transfection efficacy of siRNA/poly(ethylene imine) complexes | ||
| 260 | _bAIMS Bioengineering | ||
| 260 | _c2016 | ||
| 300 | _a:4 | ||
| 650 | _xMedical Technology | ||
| 650 | _xMedtech | ||
| 856 | _uhttp://www.aimspress.com/journal/Bioengineering/2016/4.html | ||
| 999 |
_c330381 _d330381 |
||